00503nam a2200145 4500001000700000003000900007005001700016007000300033008004100036100003000077245016200107260003300269300002100302852003400323109698ES-MaACL20230906184906.0t|061121s1950 sp r ||||1| spa d1 aMuntadas Rovira, Vicente.10aSobre participación de los trabajadores en los beneficios y dirección de las empresas b: Opinión de un patrono católico / cVicente Muntadas Rovira. aBarcelona : bAriel, c1950. a71 p. ; c27 cm. aES-MaACLj1913-F-14 bR.29894